Honey from stone : (Record no. 107640)
[ view plain ]
| 000 -LEADER | |
|---|---|
| fixed length control field | 00750cam a22002174a 4500 |
| 001 - CONTROL NUMBER | |
| control field | 13958961 |
| 005 - DATE AND TIME OF LATEST TRANSACTION | |
| control field | 20180919114737.0 |
| 008 - FIXED-LENGTH DATA ELEMENTS--GENERAL INFORMATION | |
| fixed length control field | 050509r20051987mauab b 001 0 eng |
| 020 ## - INTERNATIONAL STANDARD BOOK NUMBER | |
| International Standard Book Number | 1561012351 (pbk. : alk. paper) |
| 040 ## - CATALOGING SOURCE | |
| Transcribing agency | PK-LaUMT |
| 082 00 - DEWEY DECIMAL CLASSIFICATION NUMBER | |
| Classification number | 215 |
| Edition number | 22 |
| Item number | RAY-H |
| 100 1# - MAIN ENTRY--PERSONAL NAME | |
| Personal name | Raymo, Chet |
| 245 10 - TITLE STATEMENT | |
| Title | Honey from stone : |
| Remainder of title | a naturalist's search for God / |
| Statement of responsibility, etc | Chet Raymo ; illustrations by Bob O'Cathail |
| 260 ## - PUBLICATION, DISTRIBUTION, ETC. (IMPRINT) | |
| Place of publication, distribution, etc | Cambridge, Mass. : |
| Name of publisher, distributor, etc | Cowley Publications, |
| Date of publication, distribution, etc | 1987 |
| -- | reprinted 1997 |
| 300 ## - PHYSICAL DESCRIPTION | |
| Extent | xiv, 188 p. : |
| Other physical details | ill. map ; |
| Dimensions | 23 cm. |
| 500 ## - GENERAL NOTE | |
| General note | Includes index. |
| 500 ## - GENERAL NOTE | |
| General note | Originally published: 1st ed. New York, N.Y. : Dodd, Mead & Co., 1987. |
| 650 #0 - SUBJECT ADDED ENTRY--TOPICAL TERM | |
| Topical term or geographic name as entry element | Religion and science |
| 650 #0 - SUBJECT ADDED ENTRY--TOPICAL TERM | |
| Topical term or geographic name as entry element | Nature |
| General subdivision | Religious aspects |
| 942 ## - ADDED ENTRY ELEMENTS (KOHA) | |
| Koha item type | Books |
| Withdrawn status | Lost status | Damaged status | Home library | Current library | Date acquired | Full call number | Barcode | Date last seen | Price effective from | Koha item type |
|---|---|---|---|---|---|---|---|---|---|---|
| UMT Main Campus | UMT Main Campus | 2018-09-19 | 215 RAY-H | 124610 | 2020-01-24 | 2018-09-19 | Books |
